00724nam a2200169Ia 4500008004100000020001800041041000800059082001800067100006500085245013800150250000600288260006500294300001300359650002900372999001900401952013400420210716s2018 xx 000 0 und d a9789352138005 aeng a004.6005 MEDM aMedjaoui, Mehdi; Wilde, Erik; Mitra, Ronnie; Amundsen, Mike. aContinuous api management: making the right decisions in an evolving landscape.bMaking the right decisions in an evolving landscape. a1 aNew DelhibShroff Publishers and Distributors Pvt Ltdc2018 axvii,265 aWeb Design & Development c196861d196861 001040708MCAaAIMITbAIMITeShroff Publishersg775.00l0o004.6005 MEDMpMCA16376r2025-07-21 00:00:00v581.25w2021-07-16yBK